| Record ID | ia:carpentersbuilde01ball |
| Source | Internet Archive |
| Download MARC XML | https://archive.org/download/carpentersbuilde01ball/carpentersbuilde01ball_marc.xml |
| Download MARC binary | https://www.archive.org/download/carpentersbuilde01ball/carpentersbuilde01ball_meta.mrc |
LEADER: 01405cam 2200361 i 4500
001 ocm02644172
003 OCoLC
005 20100211184507.0
008 761201s1976 inua 001 0 eng
010 $a 76024079
040 $aDLC$cDLC$dOCL$dHIL$dAAA
020 $a0672232405 (v. 1) :$c$5.95 per vol.
020 $a9780672232404 (v. 1)
035 $a(OCoLC)2644172
050 04 $aTH5604$b.U44 1976
082 4 $a694
100 1 $aBall, John E.
245 10 $aCarpenters and builders library /$cby John E. Ball.
250 $a4th ed.
260 $aIndianapolis :$bT. Audel,$cc1976.
300 $a4 v. :$bill. ;$c23 cm.
500 $aThird ed., by H.F. Ulrey, published in 1970 under the same title.
500 $aIncludes indexes.
505 0 $ano. 1. Tools, steel square, joinery.--no. 2. Builder math, plans, specifications.--no. 3. Layouts, foundations, framing.--no. 4. Millwork, power tools, painting.
650 0 $aCarpentry.
650 0 $aBuilding.
700 1 $aUlrey, Harry F.$tCarpenters and builders library.
952 $a2644172$zDLC$bLIBRARY OF CONGRESS$hFull$iLCC$kDDC$tContents$u20091006
952 $a131883213$zJTC$bSHASTA PUBLIC LIBR$hOther$iLCC$kDDC$tContents$u20070518
952 $a487142258$zN15$bNEW YORK UNIV, GROUP BATCHLOAD$hFull$iLCC$kDDC$tContents$u20091213
029 1 $aAU@$b000000768188
994 $aZ0$bPMR
948 $hNO HOLDINGS IN PMR - 686 OTHER HOLDINGS